| 000 | 00735nam a2200193 a 4500 | ||
|---|---|---|---|
| 003 | OSt | ||
| 005 | 20150408114125.0 | ||
| 008 | 130313s2011 ts a g |||| 00| 0 ara d | ||
| 040 | _aMA_UN | ||
| 082 | 0 | 4 |
_221 _a370.15 _bم ح ت |
| 100 | 1 |
_aالمولى، حميد مجيد _922337 |
|
| 245 | 1 | 2 |
_aالتعلم التجريبي : _bأسلوب لبناء المعرفة / _cحميد مجيد المولى. |
| 250 | _aط. 1. | ||
| 260 |
_aالعين، الإمارات العربية المتحدة : _bدار الكتاب الجامعي، _c2011 _m[1432] |
||
| 300 |
_a343 ص. : _bإيض. ؛ _c24 سم. |
||
| 650 | 7 |
_2aucsh _aعلم النفس التربوي |
|
| 650 | 7 |
_2aucsh _aعلم الاجتماع التربوي |
|
| 942 |
_2ddc _cBOOK |
||
| 999 |
_c28900 _d263400 |
||